=LDR 00000nam 2200000 4500 =001 INLIS000000000000590 =005 20200916122232 =035 ##$$a 0010-061300000000590 =008 200916################g##########0#ind## =041 ##$$a Ind =082 ##$$a 302.3 =090 ##$$a 302.3 Ten =245 ##$$a Tentang Nepotisme : $b Analisa isi media massa /$c Sri Yanuarti...[ et al. ] =260 ##$$a Jakarta :$b Institut Studi Arus Informasi,$c 1997 =300 ##$$a vi, 69 hlm. ; $c 25x18 cm. =650 #4$$a Nepotisme =700 #$$a Sri Yanuarti =850 ##$$a NBPNMAT =084 ##$$a 302.3 TEN t =990 ##$$a 135.322/Pro-98 =990 ##$$a DW99002183 =990 ##$$a DW99002184 =990 ##$$a 135.325/Pro-98